Handbook of chemistry and physics

Guardado en:
Detalles Bibliográficos
Formato: Libro
Lenguaje:Undetermined
Publicado: Ohio The Chemical Rubber 1963
Materias:
Etiquetas: Agregar Etiqueta
Sin Etiquetas, Sea el primero en etiquetar este registro!
Thư viện lưu trữ: Trung tâm Học liệu Trường Đại học Cần Thơ
LEADER 00412nam a2200157Ia 4500
001 CTU_2954
008 210402s9999 xx 000 0 und d
082 |a 540.0202 
082 |b H236 
245 0 |a Handbook of chemistry and physics 
260 |a Ohio 
260 |b The Chemical Rubber 
260 |c 1963 
650 |a chemistry 
904 |i Minh, 960831 
980 |a Trung tâm Học liệu Trường Đại học Cần Thơ